00354nam a2200133Ia 4500003000400000008004100004020002300045040000800068100001700076245007300093260002800166300001500194365001100209LDD181029s9999 xx 000 0 und d a1853838845c395.00 cLDD aKnight,Barry 0aReviving DemocracybCitizen at the Heart of GovernancecBarry Knight aLondonbEarthscanc2006 axviii, 214 b395.00